ბათუმის შოთა რუსთაველის სახელმწიფო უნივერსიტეტის ბიბლიოთეკა

Руководство к решению задач по теории вероятностей и математической статистике (ბიბ.ჩანაწერი № 39159)

000 -LEADER
fixed length control field 00769nam a2200205Ia 4500
001 - CONTROL NUMBER
control field 5742
003 - CONTROL NUMBER IDENTIFIER
control field GE_BSU
008 - FIXED-LENGTH DATA ELEMENTS--GENERAL INFORMATION
fixed length control field 181216s||||||||xx |||||||||||||| ||und||
040 ## - CATALOGING SOURCE
Transcribing agency GE_BSU
080 ## - UNIVERSAL DECIMAL CLASSIFICATION NUMBER
Universal Decimal Classification number 519.21(075.8)
100 ## - MAIN ENTRY--PERSONAL NAME
Personal name Гмурман В. Е.
245 ## - TITLE STATEMENT
Title Руководство к решению задач по теории вероятностей и математической статистике
245 ## - TITLE STATEMENT
Remainder of title Учебное пособие для студ. втузов
260 ## - PUBLICATION, DISTRIBUTION, ETC.
Place of publication, distribution, etc. москва
260 ## - PUBLICATION, DISTRIBUTION, ETC.
Name of publisher, distributor, etc. Высшая школа
260 ## - PUBLICATION, DISTRIBUTION, ETC.
Date of publication, distribution, etc. 1970
300 ## - PHYSICAL DESCRIPTION
Extent 239с. 20см.
653 ## - INDEX TERM--UNCONTROLLED
Uncontrolled term Руководство к решениюпо теории вероятностей и математической статистике
942 ## - ADDED ENTRY ELEMENTS (KOHA)
Koha item type წიგნი
ეგზემპლარები
Withdrawn status Lost status Damaged status Not for loan Date acquired Barcode Date last seen Price effective from Koha item type
        2018-12-17 16665 2018-12-17 2018-12-17 წიგნი